| 000 -CABECERA |
| Longitud fija campo de control |
00722nam a2200193 aa4500 |
| 001 - NÚMERO DE CONTROL |
| Número de control |
4217 |
| 003 - IDENTIFICADOR DEL NÚMERO DE CONTROL |
| Identificador del número de control |
CDMR |
| 005 - FECHA Y HORA DE LA ÚLTIMA TRANSACCIÓN |
| Fecha y hora de la última transacción |
20151016124801.0 |
| 007 - CAMPO FIJO DE DESCRIPCIÓN FÍSICA |
| Campo fijo de descripción f&íacute;sica |
ta |
| 008 - CÓDIGOS DE INFORMACIÓN DE LONGITUD FIJA |
| Códigos de información de longitud fija |
130130s2002||||cat|||||||||||||||||cat|d |
| 040 ## - FUENTE DE LA CATALOGACIÓN |
| Centro catalogador de origen |
CDMR |
| Lengua de catalogación |
cat |
| Centro transcriptor |
CDMR |
| 245 00 - MENCIÓN DE TÍTULO |
| Título |
Codi Deontològic |
| Resto del título |
: declaració de principis de la professió periodística a Catalunya |
| 260 ## - PUBLICACIÓN, DISTRIBUCIÓN, ETC. (PIE DE IMPRENTA) |
| Lugar de publicación, distribución, etc. |
Barcelona |
| Fecha de publicación, distribución, etc. |
2002 |
| Nombre del editor, distribuidor, etc. |
Col.legi de Periodistes de Catalunya |
| 300 ## - DESCRIPCIÓN FÍSICA |
| Extensión |
[8] p. |
| 500 ## - NOTA GENERAL |
| Nota general |
Dos fulls solts sobre pràctica periodística enconflictes bél·lics o armats que el complementen |
| 710 2# - PUNTO DE ACCESO ADICIONAL - NOMBRE DE ENTIDAD |
| 9 (RLIN) |
133 |
| Nombre de entidad o nombre de jurisdicción como elemento inicial |
Col·legi de Periodistes de Catalunya |
| 856 40 - LOCALIZACIÓN Y ACCESO ELECTRÓNICO |
| Identificador Uniforme del Recurso (URI) |
<a href="https://www.periodistes.cat/ca/home/periodisme/codi-deontologic.html">https://www.periodistes.cat/ca/home/periodisme/codi-deontologic.html</a> |
| Texto del enlace |
Disponible en línia |
| 942 ## - ENTRADA DE ELEMENTOS AGREGADOS (KOHA) |
| Koha [por defecto] tipo de item |
Fullets |
| Fuente de clasificaión o esquema |
|